Historia de la literatura española /

Kaydedildi:
Detaylı Bibliyografya
Yazar: Romera-Navarro, M. (autor)
Materyal Türü: Kitap
Dil:İspanyolca
Baskı/Yayın Bilgisi: Boston, EUA : Heath, 1928
Konular:
Etiketler: Etiketle
Etiket eklenmemiş, İlk siz ekleyin!

MARC

LEADER 00000nam^a2200000^a^4500
001 000017881
005 20250521000000.0
009 20260310084155.302
037 |a Acervo ITESO - Biblioteca 
041 |a ESP 
082 |a 868.  |b ROM V. 1 
100 |a Romera-Navarro, M.  |e (autor) 
240 1 1 |a [Historia y antología de la literatura española] 
245 1 0 |a Historia de la literatura española /  |c M. Romera-Navarro. 
264 1 |a Boston, EUA :  |b Heath,  |c 1928 
336 |a texto  |b txt  |2 rdacontenido 
337 |a sin mediación  |b n  |2 rdamedio 
338 |a volumen  |b nc  |2 rdasoporte 
649 |a XX 
650 |a Literatura Española -  |x Historia y Crítica 
910 |a Fondo General 
920 |a Impresos - Libros 
930 |a Colección General 
940 |a Literatura 
905 |a 101 
901 |a 0178810100  |b IT1  |c LIT  |i 017881  |u 20250521 
902 |a https://opac.biblio.iteso.mx/vufind/Record/000017881